000 00480nam a2200181Ia 4500
003 GCL
008 140319s9999 xx 000 0 eng d
040 _aGCL /
_cGCL
082 0 4 _a843
_bM V
100 1 _aDE MONTHERLANT, HENRY
245 1 0 _aLA VILLE DONT LE PRINCE EST UN ENFANT /
_cDE MONTHERLANT, HENRY
260 _a[S.N] :
_bFOLIO ،
_c1995
300 _a302 P
490 _aCOLLECTION FOLIO
_v0
650 0 4 _aLITERATURE
650 0 4 _aFRENCH LITERATURE
942 _2ddc
_cBK
999 _c21976
_d21976